00261 a2200109 450000100060000008200170000610000220002324500640004525000120010926000220012130000080014362616 a297.1225 WAH aAbdul Waheed Khan aQuraan Majeed:With translation and tras in EnglishhEnglish aPara IV bAbdul Waheed Khan a53p